002580000a22000970004500008004100000022001300041245003000054260005200084300001100136650001300147230817t1994 ||||| |||| 00| 0 eng d a01975439 aWorld refugee survey 1994 aWashington:bU.S. Committee for Refugees,c1994 b176 p. aREFUGEES